[Event "FIDE World Blitz 2013"]
[Site "Khanty-Mansiysk RUS"]
[Date "2013.06.10"]
[Round "26.21"]
[White "Pridorozhni, Aleksei"]
[Black "Potkin, Vladimir"]
[Result "1/2-1/2"]
[WhiteTitle "GM"]
[BlackTitle "GM"]
[WhiteElo "2512"]
[BlackElo "2647"]
[WhiteFideId "4127870"]
[BlackFideId "4131061"]
[EventDate "2013.06.09"]

1. e4 c5 2. Nc3 e6 3. Nf3 Nc6 4. Bb5 Nge7 5. O-O a6 6. Bxc6 Nxc6 7. d4 cxd4 8.
Nxd4 Qc7 9. Nxc6 dxc6 10. Qg4 e5 11. Qg3 f6 12. a4 Bb4 13. Nd1 a5 14. Ne3 O-O
15. h4 Qf7 16. Rd1 Be6 17. Bd2 Bc5 18. Bc3 b6 19. Qf3 Rfd8 20. Nf5 h5 21. Rxd8+
Rxd8 22. Rd1 Rxd1+ 23. Qxd1 Kh7 24. b3 g6 25. Ne3 Qd7 26. Qxd7+ Bxd7 27. Bd2 Be6
28. Kf1 Kg7 29. Ke2 Kf7 30. Kd3 Ke7 31. f3 Kd7 32. Be1 Kc7 33. Nd1 f5 34. Ne3
Be7 35. Nc4 Bf6 36. Bf2 c5 37. Ne3 Kc6 38. c4 f4 39. Nd5 Bd8 40. Ke2 Kd6 41. Kf1
Bd7 42. Ke2 Be8 43. Kd3 Bd7 44. Ke2 Be8 45. g3 fxg3 46. Bxg3 Bd7 47. Kf2 Ke6 48.
Kg2 Bc6 49. Bf2 Be8 50. Kg3 Kd6 51. Be3 Ke6 52. Bg5 Bxg5 53. hxg5 Kd6 54. Nxb6
Bf7 55. Nd5 Be6 56. Nc3 Bd7 57. Nd1 Be8 58. Nf2 Bd7 59. Nd3 Bc8 60. f4 exf4+ 61.
Kxf4 h4 62. e5+ Kc6 63. Nf2 Bf5 64. Nd1 Bc2 65. Nb2 Bxb3 66. Kg4 Kd7 67. Nd3 Kc6
68. Nb2 Kd7 69. Nd3 Kc6 70. Nb2 Kd7 71. Nd3 Kc6 72. Nb2 Kd7 73. Nd3 Kc6 74. Nb2 1/2-1/2

[Event "FIDE World Blitz 2013"]
[Site "Khanty-Mansiysk RUS"]
[Date "2013.06.10"]
[Round "26.22"]
[White "Kurnosov, Igor"]
[Black "Pasiev, Rakhim"]
[Result "1/2-1/2"]
[WhiteTitle "GM"]
[BlackTitle "IM"]
[WhiteElo "2657"]
[BlackElo "2384"]
[WhiteFideId "4142527"]
[BlackFideId "24122475"]
[EventDate "2013.06.09"]

1. e4 c5 2. Nf3 Nc6 3. Bb5 g6 4. Bxc6 dxc6 5. d3 Bg7 6. h3 e5 7. a4 Qe7 8. a5
Nf6 9. Nbd2 Nd7 10. Nc4 Nf8 11. Bd2 f6 12. Qb1 Be6 13. b4 Bxc4 14. dxc4 Ne6 15.
c3 O-O 16. O-O f5 17. Re1 f4 18. a6 b6 19. b5 cxb5 20. cxb5 Rad8 21. Qb3 Qf7 22.
Rad1 Nc7 23. Qxf7+ Rxf7 24. c4 Rfd7 25. Kf1 Ne6 26. Ke2 Nd4+ 27. Nxd4 Rxd4 28.
Bc3 Rxe4+ 29. Kf3 Rxd1 30. Kxe4 Rd7 31. Re2 Kf7 32. Rd2 Rxd2 33. Bxd2 Ke6 34.
Bc1 Bf8 35. Bb2 Bd6 36. Bc3 g5 37. g4 Bc7 38. f3 Bd6 39. Ba1 Bc7 40. Bb2 Bd6 41.
Bc3 Bc7 42. Be1 Bd6 43. Bf2 Bc7 44. h4 h6 45. h5 Bd6 1/2-1/2

[Event "FIDE World Blitz 2013"]
[Site "Khanty-Mansiysk RUS"]
[Date "2013.06.10"]
[Round "26.23"]
[White "Rakhmanov, Aleksandr"]
[Black "Salem, A.R. Saleh"]
[Result "0-1"]
[WhiteTitle "GM"]
[BlackTitle "GM"]
[WhiteElo "2602"]
[BlackElo "2531"]
[WhiteFideId "4173708"]
[BlackFideId "9301348"]
[EventDate "2013.06.09"]

1. c4 c5 2. g3 g6 3. Bg2 Bg7 4. Nf3 Nc6 5. O-O e6 6. e3 Nge7 7. d4 cxd4 8. exd4
d5 9. cxd5 Nxd5 10. Nc3 O-O 11. Bg5 Qb6 12. Na4 Qb5 13. Re1 h6 14. Bc1 Nb6 15.
Nc3 Qb4 16. a3 Qd6 17. Bf4 Qd8 18. Be5 Nxe5 19. Nxe5 Nd7 20. Nc4 Nb6 21. Ne5 Nd7
22. Qe2 Nxe5 23. dxe5 Qe7 24. h4 Rb8 25. h5 g5 26. Nb5 Bd7 27. Nd6 Bc6 28. Bxc6
bxc6 29. Rac1 Rb6 30. Red1 a5 31. Nc4 Rb5 32. Qe4 Rd5 33. Re1 Rb8 34. Rc2 Qd8
35. Qf3 a4 36. Nd6 Qd7 37. Nc4 Rb3 38. Qe2 c5 39. Rec1 Qc7 40. Qe4 Bxe5 41. Nxe5
Rxe5 42. Qxa4 Rd3 43. b4 Ree3 44. Qa8+ Kg7 45. fxe3 Qxg3+ 46. Qg2 Qxe3+ 47. Qf2
Qh3 48. Qf1 Rg3+ 49. Kf2 Rf3+ 50. Ke2 Rxf1 51. Rxf1 cxb4 52. axb4 Qg4+ 53. Rf3
Qe4+ 0-1

[Event "FIDE World Blitz 2013"]
[Site "Khanty-Mansiysk RUS"]
[Date "2013.06.10"]
[Round "26.24"]
[White "Kobalia, Mikhail"]
[Black "Nadanian, Ashot"]
[Result "1-0"]
[WhiteTitle "GM"]
[BlackTitle "IM"]
[WhiteElo "2651"]
[BlackElo "2428"]
[WhiteFideId "4119150"]
[BlackFideId "13300393"]
[EventDate "2013.06.09"]

1. e4 c5 2. Nf3 e6 3. g3 d5 4. exd5 exd5 5. Bg2 Nf6 6. O-O Be7 7. d4 O-O 8. dxc5
Bxc5 9. Nc3 h6 10. a3 Nc6 11. b4 Bb6 12. Na4 Bg4 13. Bb2 Rc8 14. Nxb6 axb6 15.
Qd3 Re8 16. Rfe1 Qd6 17. Rxe8+ Rxe8 18. Rd1 Qe6 19. b5 Na5 20. Ba1 Bf5 21. Qd2
Nc4 22. Qc1 Bg4 23. Re1 Qd7 24. Rxe8+ Nxe8 25. a4 Ned6 26. Qf4 Qe6 27. Ne5 Nxe5
28. Qxe5 Qxe5 29. Bxe5 Nc4 30. Bd4 Be6 31. f4 g6 32. g4 f5 33. gxf5 gxf5 34. Kf2
Kf7 35. Bf3 Kf8 36. Ke2 Kf7 37. Kd3 Kg6 38. Kc3 Kf7 39. Be2 Kf8 40. Kb4 Kf7 41.
Bf1 Kf8 42. Bd3 Kf7 43. Be2 Kf8 44. Bxc4 dxc4 45. Bxb6 Ke7 46. Kc5 c3 47. Kb4
Kd6 48. Kxc3 Bd5 49. Kb4 Be4 50. c4 Bf3 51. Bd4 h5 52. h4 Bg2 53. Be5+ Kd7 54.
Kc5 Bf1 55. Kd5 Bg2+ 56. Kd4 Bf3 57. Bg7 Kd6 58. Bf8+ Ke6 59. a5 Be4 60. Bb4 Bg2
61. Ba3 Bf3 62. Bf8 Bg2 63. Kc5 Kd7 64. Kb6 Bf3 65. c5 Be4 66. Ka7 Kc8 67. c6
bxc6 68. b6 c5 69. a6 Kd7 70. b7 1-0

[Event "FIDE World Blitz 2013"]
[Site "Khanty-Mansiysk RUS"]
[Date "2013.06.10"]
[Round "26.25"]
[White "Lagno, Kateryna"]
[Black "Ram, S. Krishnan"]
[Result "1-0"]
[WhiteTitle "GM"]
[WhiteElo "2542"]
[BlackElo "2248"]
[WhiteFideId "14109336"]
[BlackFideId "5010519"]
[EventDate "2013.06.09"]

1. Nf3 Nf6 2. g3 d5 3. Bg2 Bf5 4. d3 e6 5. Nbd2 h6 6. c4 c6 7. cxd5 cxd5 8. Qb3
Qb6 9. Qxb6 axb6 10. a3 Nc6 11. Nb3 Be7 12. Be3 Nd7 13. Nfd4 Bg6 14. Rc1 Rc8 15.
Nb5 O-O 16. Kd2 Bf6 17. Rc2 Na5 18. Nxa5 Rxc2+ 19. Kxc2 Rc8+ 20. Kb1 bxa5 21.
Nd6 Rc7 22. Rc1 Rxc1+ 23. Kxc1 b6 24. Nc8 Bd8 25. Bf4 Nc5 26. Kc2 Kf8 27. b4
axb4 28. axb4 Na6 29. Kb3 Ke8 30. Be3 b5 31. Nd6+ Kd7 32. Nxb5 Be7 33. Bd2 Bh5
34. f3 e5 35. g4 Bg6 36. f4 exf4 37. Bxd5 f5 38. gxf5 Bxf5 39. Nd4 Bg4 40. b5
Nc5+ 41. Kc4 g5 42. Bb4 Na4 43. Bc6+ Kd8 44. Ba5+ Kc8 45. b6 Nxb6+ 46. Bxb6 Bf6
47. Bf3 Bh3 48. Be4 Bg4 49. Bf5+ Bxf5 50. Nxf5 h5 51. Kd5 Kd7 52. Bd4 Bd8 53.
Ng7 h4 54. Ke4 Bc7 55. Kf5 f3 56. exf3 Bxh2 57. Kxg5 Bg3 58. Nf5 Be1 59. Nxh4
Ke6 60. f4 Kd5 61. Nf3 Ba5 62. f5 Bd8+ 63. f6 Ke6 64. Kg6 Bxf6 1-0

[Event "FIDE World Blitz 2013"]
[Site "Khanty-Mansiysk RUS"]
[Date "2013.06.10"]
[Round "26.26"]
[White "Al-Sayed, Mohammed"]
[Black "Cherniaev, Alexander"]
[Result "1-0"]
[WhiteTitle "GM"]
[BlackTitle "GM"]
[WhiteElo "2498"]
[BlackElo "2447"]
[WhiteFideId "12100196"]
[BlackFideId "4117301"]
[EventDate "2013.06.09"]

1. d4 Nf6 2. Nf3 d6 3. Bg5 Nbd7 4. Nbd2 h6 5. Bxf6 Nxf6 6. e4 c6 7. Bd3 Qc7 8.
e5 Nd5 9. O-O Nf4 10. Nc4 d5 11. Ne3 g5 12. c4 g4 13. Nh4 Be6 14. cxd5 Nxd5 15.
Nxd5 Bxd5 16. Qxg4 e6 17. Be4 O-O-O 18. Bxd5 Rxd5 19. Nf3 Qd8 20. Qf4 Qe8 21. a3
Rg8 22. b4 Kb8 23. Rac1 Ka8 24. g3 f5 25. exf6 Rf5 26. Qe4 h5 27. Rfe1 Rxf6 28.
b5 Bxa3 29. bxc6 1-0

[Event "FIDE World Blitz 2013"]
[Site "Khanty-Mansiysk RUS"]
[Date "2013.06.10"]
[Round "26.27"]
[White "Skatchkov, Pavel"]
[Black "Byambaa, Zulzaga"]
[Result "1-0"]
[WhiteTitle "GM"]
[BlackTitle "FM"]
[WhiteElo "2486"]
[BlackElo "2285"]
[WhiteFideId "4121848"]
[BlackFideId "4900642"]
[EventDate "2013.06.09"]

1. e4 d6 2. d4 Nf6 3. Nc3 g6 4. Nf3 Bg7 5. Be3 h6 6. Qd2 Ng4 7. Bf4 e5 8. dxe5
dxe5 9. Qxd8+ Kxd8 10. Bg3 f5 11. O-O-O+ Nd7 12. h3 f4 13. Bh4+ g5 14. hxg4 gxh4
15. Nxh4 c6 16. Nf5 Bf8 17. g5 Kc7 18. g6 Rg8 19. g7 Rxg7 20. Nxg7 Bxg7 21. g3
fxg3 22. fxg3 Bf6 23. Bh3 Nc5 24. Bxc8 Rxc8 25. Rhf1 Bg5+ 26. Kb1 a5 27. Rf7+
Kb6 28. a3 a4 29. Rd6 Ka6 30. Ka2 Be3 31. b4 axb3+ 32. cxb3 Bd4 33. Ne2 Nxe4 34.
Rxh6 Rg8 35. Rh4 Nc3+ 36. Nxc3 Bxc3 37. Rf3 Bd4 38. g4 Kb5 39. Kb1 Ra8 40. a4+
Kb4 41. Kc2 b5 42. axb5 cxb5 43. g5 Ra2+ 44. Kd3 Rg2 45. Rf5 Kxb3 46. Rxd4 exd4
47. Rxb5+ Ka4 48. Re5 Rg4 49. Rd5 Rg1 50. Kxd4 Kb4 51. Ke4 Kc4 52. Ra5 Re1+ 53.
Kf5 Rf1+ 54. Kg6 Kd4 55. Kg7 Ke4 56. g6 Rg1 57. Kf7 Rf1+ 58. Kg8 Rg1 59. g7 Kf4
60. Rb5 Ke4 61. Ra5 Kf4 62. Rc5 Ke4 63. Ra5 Kf4 64. Kf7 1-0

[Event "FIDE World Blitz 2013"]
[Site "Khanty-Mansiysk RUS"]
[Date "2013.06.10"]
[Round "26.29"]
[White "Bezgodov, Alexei"]
[Black "Sibriaev, Aleksandr"]
[Result "1-0"]
[WhiteTitle "GM"]
[BlackTitle "FM"]
[WhiteElo "2482"]
[BlackElo "2239"]
[WhiteFideId "4105257"]
[BlackFideId "4116070"]
[EventDate "2013.06.09"]

1. e4 d6 2. d4 Nf6 3. Bd3 e5 4. d5 c6 5. c4 cxd5 6. cxd5 g6 7. Nc3 Bg7 8. Nge2
O-O 9. O-O a6 10. Kh1 Nbd7 11. f3 b5 12. a4 b4 13. Nb1 Nc5 14. a5 Nh5 15. Bc4
Nf4 16. Nxf4 exf4 17. Bxf4 Bxb2 18. Ra2 Bg7 19. Nd2 Rb8 20. Nb3 Nxb3 21. Qxb3 f5
22. exf5 Rxf5 23. Be3 Qh4 24. g3 Qh3 25. Rff2 Be5 26. Bf1 Qh5 27. g4 Qh4 28.
gxf5 Bxf5 29. Bxa6 Rf8 30. Bf1 Bg3 31. a6 Bxf2 32. Bxf2 Qg5 33. a7 Ra8 34. Qxb4
Qc1 35. Qe1 Qf4 36. Bg2 Qc4 37. Ra1 h5 38. Qe7 Qc3 39. Re1 h4 40. Bxh4 Qd4 41.
Bf6 1-0

[Event "FIDE World Blitz 2013"]
[Site "Khanty-Mansiysk RUS"]
[Date "2013.06.10"]
[Round "26.30"]
[White "Gordievsky, Dmitry"]
[Black "Akbaev, Kazbek"]
[Result "1-0"]
[WhiteTitle "FM"]
[BlackTitle "IM"]
[WhiteElo "2474"]
[BlackElo "2475"]
[WhiteFideId "24112798"]
[BlackFideId "4131045"]
[EventDate "2013.06.09"]

1. b3 e6 2. Bb2 Nf6 3. g3 d5 4. Bg2 Bd6 5. e3 c5 6. Ne2 Nc6 7. O-O O-O 8. d3 a5
9. a4 e5 10. Nbc3 Be6 11. Qd2 d4 12. Nb5 Bb8 13. exd4 cxd4 14. Rae1 Bd5 15. f3
h6 16. Kh1 Bd6 17. c4 Bb4 18. Qc1 Be6 19. Rd1 Qd7 20. Ba3 Rac8 21. Bxb4 Nxb4 22.
Qd2 Bf5 23. Nc1 Bh3 24. Rde1 Bxg2+ 25. Kxg2 e4 26. dxe4 Rfd8 27. Nd3 Nxd3 28.
Qxd3 Nh7 29. Rd1 Ng5 30. f4 Qh3+ 31. Kg1 Ne6 32. Qf3 Rc5 33. e5 d3 34. Rxd3 Rxd3
35. Qxd3 Rc8 36. Nd6 Rd8 37. Qe4 h5 38. Qxb7 Rf8 39. Qg2 Qg4 40. h3 Qg6 41. f5
Qh6 42. fxe6 Qe3+ 43. Kh1 Qxe5 44. exf7+ Kh8 45. Qd5 Qe2 46. Qf3 Qe5 47. Ne4 g6
48. Qf6+ Qxf6 49. Rxf6 Kg7 50. Rf1 1-0

[Event "FIDE World Blitz 2013"]
[Site "Khanty-Mansiysk RUS"]
[Date "2013.06.10"]
[Round "27.2"]
[White "Nguyen, Ngoc Truong Son"]
[Black "Mamedov, Rauf"]
[Result "0-1"]
[WhiteTitle "GM"]
[BlackTitle "GM"]
[WhiteElo "2625"]
[BlackElo "2637"]
[WhiteFideId "12401110"]
[BlackFideId "13401653"]
[EventDate "2013.06.09"]

1. d4 d6 2. e4 e5 3. dxe5 dxe5 4. Qxd8+ Kxd8 5. f3 Bd6 6. Be3 Be6 7. Nd2 Nd7 8.
Bc4 Ngf6 9. Ne2 Ke7 10. O-O-O Bc5 11. Bxc5+ Nxc5 12. Bxe6 fxe6 13. Nc4 Ncd7 14.
b4 Rhd8 15. Kb2 Rac8 16. a4 Ne8 17. Nc1 Nd6 18. Na5 Nb8 19. Kb3 c5 20. b5 c4+
21. Ka3 b6 22. Nc6+ Nxc6 23. bxc6 Rxc6 24. Na2 c3 25. Kb3 Rdc8 26. Rd3 b5 27. a5
Nc4 28. Kb4 Ra6 29. Rxc3 Rxa5 30. Ra1 Ra4+ 31. Kxb5 Ra5+ 32. Kb4 Rac5 33. Nc1
a5+ 34. Rxa5 Rxa5 35. Rxc4 Rxc4+ 36. Kxc4 Ra1 37. Nd3 Kd6 38. Kc3 Rg1 39. g3 Rg2
40. Nb2 Rxh2 41. Nc4+ Ke7 42. Nxe5 h5 43. Kd3 Rg2 44. Ng6+ Kd6 45. e5+ Kd7 46.
Nf4 Rxg3 47. Nxh5 Rxf3+ 48. Ke4 Rf7 49. c4 g5 50. Nf6+ Kc6 51. Kf3 Kc5 52. Kg4
Kd4 53. Kxg5 Kxe5 54. Ng4+ Kd4 55. Kg6 Rf1 56. Kg5 Rf5+ 57. Kg6 Rf1 58. Kg5 Rg1
59. Kf4 Rxg4+ 60. Kxg4 Kxc4 61. Kf3 Kd3 62. Kf4 Kd4 63. Kf3 e5 64. Ke2 Ke4 65.
Kd2 Kf3 66. Kd3 e4+ 67. Kd4 0-1

[Event "FIDE World Blitz 2013"]
[Site "Khanty-Mansiysk RUS"]
[Date "2013.06.10"]
[Round "27.8"]
[White "Sargissian, Gabriel"]
[Black "Rublevsky, Sergei"]
[Result "1-0"]
[WhiteTitle "GM"]
[BlackTitle "GM"]
[WhiteElo "2671"]
[BlackElo "2695"]
[WhiteFideId "13300881"]
[BlackFideId "4115309"]
[EventDate "2013.06.09"]

1. d4 d5 2. c4 dxc4 3. e3 e6 4. Bxc4 Nf6 5. Nf3 c5 6. O-O a6 7. dxc5 Bxc5 8.
Qxd8+ Kxd8 9. Be2 Ke7 10. Ne1 Nbd7 11. Nd3 Bd6 12. Nd2 Nc5 13. Nxc5 Bxc5 14. Nb3
Bd6 15. Bd2 Bd7 16. Bf3 Rab8 17. Na5 b6 18. Nb7 Bc5 19. Rac1 Rhc8 20. Rfd1 Nd5
21. Nxc5 Rxc5 22. Rxc5 bxc5 23. e4 Nf6 24. Bc3 Bc6 25. Re1 Rd8 26. Kf1 Bb5+ 27.
Kg1 Kf8 28. h3 Ne8 29. Rd1 Rxd1+ 30. Bxd1 Nd6 31. f3 Bc4 32. b3 Bd3 33. Kf2 f6
34. Ke3 Bf1 35. Kf2 Bd3 36. Bb2 Ke7 37. h4 h5 38. g3 e5 39. Ke3 Bb5 40. f4 exf4+
41. gxf4 g6 42. Ba3 Nb7 43. f5 gxf5 44. exf5 Be8 45. Bf3 Nd6 46. Bxc5 Kd7 47.
Kf4 Bf7 48. Bd4 Ke7 49. Bc5 Kd7 50. Be2 a5 51. Bb6 a4 52. bxa4 Nc4 53. Bd4 Ke7
54. Bc3 Nb6 55. Bd2 Nxa4 56. Bb5 Nb6 57. a4 Bc4 58. Bb4+ Kf7 59. Bxc4+ Nxc4 60.
a5 Ne5 61. a6 Nc6 62. Bc5 Ne5 63. a7 Nd3+ 64. Kg3 Nxc5 65. a8=Q Nd7 66. Qd5+ 1-0

[Event "FIDE World Blitz 2013"]
[Site "Khanty-Mansiysk RUS"]
[Date "2013.06.10"]
[Round "27.11"]
[White "Zvjaginsev, Vadim"]
[Black "Khismatullin, Denis"]
[Result "1/2-1/2"]
[WhiteTitle "GM"]
[BlackTitle "GM"]
[WhiteElo "2659"]
[BlackElo "2658"]
[WhiteFideId "4113403"]
[BlackFideId "4142578"]
[EventDate "2013.06.09"]

1. c4 c5 2. Nf3 Nc6 3. Nc3 Nf6 4. e3 e6 5. d4 d5 6. cxd5 Nxd5 7. Bc4 Nxc3 8.
bxc3 Be7 9. O-O O-O 10. Bd3 b6 11. Qc2 h6 12. Qe2 Bb7 13. Bb2 Qc7 14. Rac1 Rac8
15. Bb1 Bf6 16. e4 g6 17. e5 Bg7 18. h4 Ne7 19. Be4 Bxe4 20. Qxe4 Qc6 21. Qxc6
Rxc6 22. dxc5 bxc5 23. Rfd1 Ra6 24. a3 c4 25. Rd4 Rc8 26. Rc2 Nd5 27. g3 Bf8 28.
Nd2 Ra4 29. Ne4 Bxa3 30. Bxa3 Rxa3 31. Nf6+ Nxf6 32. exf6 Ra6 33. f4 Rb6 34.
Rcd2 Rb7 35. Rd8+ Rxd8 36. Rxd8+ Kh7 37. Rc8 g5 38. hxg5 hxg5 39. fxg5 a5 40.
Ra8 Rb5 41. Rf8 Rxg5 42. Rxf7+ Kg6 43. Ra7 Rxg3+ 44. Kf2 Rxc3 45. f7 Kg7 46. Re7
a4 47. Rxe6 Kxf7 48. Ra6 a3 49. Ke2 Rd3 50. Ra4 Rc3 51. Kd2 Rd3+ 52. Kc2 Rd7 1/2-1/2

[Event "FIDE World Blitz 2013"]
[Site "Khanty-Mansiysk RUS"]
[Date "2013.06.10"]
[Round "27.14"]
[White "Moiseenko, Alexander"]
[Black "Grachev, Boris"]
[Result "0-1"]
[WhiteTitle "GM"]
[BlackTitle "GM"]
[WhiteElo "2711"]
[BlackElo "2683"]
[WhiteFideId "14102560"]
[BlackFideId "4129199"]
[EventDate "2013.06.09"]

1. d4 d5 2. c4 c6 3. Nf3 Nf6 4. Nc3 e6 5. Bg5 Nbd7 6. e3 Be7 7. Rc1 O-O 8. h3 b6
9. a3 Bb7 10. cxd5 Nxd5 11. Bxe7 Qxe7 12. Nxd5 exd5 13. Bd3 c5 14. O-O c4 15.
Bb1 b5 16. Re1 g6 17. Nd2 Nf6 18. Qf3 Rfe8 19. Qf4 a5 20. Nf3 Ra6 21. Ne5 Re6
22. Qh6 Nd7 23. f4 Nxe5 24. fxe5 f6 25. exf6 Qxf6 26. Re2 Qg7 27. Qh4 Qe7 28.
Qxe7 R6xe7 29. Kf2 Kg7 30. Bc2 Bc6 31. Ra1 Bd7 32. Ree1 Rf8+ 33. Ke2 Bf5 34.
Bxf5 Rxf5 35. Rf1 Rxf1 36. Rxf1 h6 37. Kd2 Rf7 38. Rf3 Rf6 39. Ke2 Kf7 40. Rg3
g5 41. Rg4 Kg6 42. Rg3 h5 43. e4 dxe4 44. Rc3 Rc6 45. Ke3 b4 46. axb4 axb4 47.
Rc1 c3 48. d5 Rc4 49. d6 Kf6 50. d7 Ke7 51. Rd1 Kd8 52. bxc3 bxc3 53. g4 h4 54.
Ke2 c2 55. Rc1 Kxd7 56. Kd2 Kd6 57. Rxc2 Rxc2+ 58. Kxc2 Ke5 59. Kd2 Kf4 0-1

[Event "FIDE World Blitz 2013"]
[Site "Khanty-Mansiysk RUS"]
[Date "2013.06.10"]
[Round "27.15"]
[White "Gundavaa, Bayarsaikhan"]
[Black "Tkachiev, Vladislav"]
[Result "1/2-1/2"]
[WhiteTitle "GM"]
[BlackTitle "GM"]
[WhiteElo "2516"]
[BlackElo "2649"]
[WhiteFideId "4901045"]
[BlackFideId "618438"]
[EventDate "2013.06.09"]

1. e4 d6 2. d4 g6 3. c4 Bg7 4. Nc3 Nf6 5. f3 O-O 6. Be3 e5 7. d5 Nh5 8. Qd2 f5
9. exf5 gxf5 10. Bd3 Qh4+ 11. Bf2 Qe7 12. O-O-O Na6 13. Nh3 Nc5 14. Bxc5 dxc5
15. Rhg1 Nf6 16. Rde1 Bd7 17. Kb1 Rae8 18. Nf2 Qd6 19. Qc2 Kh8 20. g4 e4 21.
fxe4 fxg4 22. Nfd1 Qe5 23. Ne3 Qh5 24. Nf5 Bxf5 25. exf5 Rxe1+ 26. Rxe1 Qg5 27.
Re6 Qf4 28. Qe2 Bh6 29. a3 Qf3 30. Re7 Qxe2 31. Bxe2 Bf4 32. Ne4 Nxe4 33. Rxe4
Rxf5 34. Bxg4 Rf7 35. h3 Bd6 36. Be6 Rf6 37. Rg4 Rg6 38. Rxg6 hxg6 1/2-1/2

[Event "FIDE World Blitz 2013"]
[Site "Khanty-Mansiysk RUS"]
[Date "2013.06.10"]
[Round "27.16"]
[White "Khairullin, Ildar"]
[Black "Guseinov, Gadir"]
[Result "1/2-1/2"]
[WhiteTitle "GM"]
[BlackTitle "GM"]
[WhiteElo "2658"]
[BlackElo "2631"]
[WhiteFideId "4151348"]
[BlackFideId "13401378"]
[EventDate "2013.06.09"]

1. b3 d6 2. Bb2 e5 3. e4 Nc6 4. Bb5 Nf6 5. d3 Bd7 6. Ne2 Ne7 7. Bxd7+ Qxd7 8. f4
exf4 9. Nxf4 Ng6 10. O-O Nxf4 11. Rxf4 Be7 12. Nd2 O-O-O 13. Qf3 Kb8 14. Rf1 h5
15. Nc4 d5 16. exd5 Qxd5 17. Qxd5 Rxd5 18. Ne3 Ra5 19. a4 Re8 20. Nf5 Nd5 21.
Nxg7 Nxf4 22. Nxe8 Bc5+ 23. Kh1 Be3 24. g3 Nd5 25. Rxf7 b5 26. Rf5 c6 27. c4 Nb4
28. Bc3 c5 29. cxb5 Bd4 30. Bd2 a6 31. b6 c4 32. Rxa5 cxb3 33. Bc1 Nxd3 34. Ba3
Bc5 35. Rxc5 Nxc5 36. Nd6 Nxa4 37. Nc4 Kb7 38. Na5+ Kxb6 39. Nxb3 Kc6 40. Kg2
Kd5 41. Kf3 Nb6 42. Nd2 Ke6 43. Ke4 a5 44. Nf3 a4 45. Nd4+ Kf7 46. Kd3 Kg6 47.
Bc1 Nd7 48. Kc4 Ne5+ 49. Kb5 Nd3 50. Ba3 h4 51. gxh4 Kh5 52. Kxa4 Kxh4 53. Bd6
Kh3 54. Kb3 Nf2 55. Nf3 Ne4 56. Be5 Kg2 57. Nh4+ Kh3 58. Nf3 Kg2 59. Ne1+ Kh3
60. Kc4 Nf2 61. Nf3 Kg2 62. Ng5 Ng4 63. Bd6 Nxh2 64. Kd3 Nf3 65. Ne6 Kh3 66. Ke3
Kg4 67. Nc5 Ng5 68. Nd3 Kf5 1/2-1/2

[Event "FIDE World Blitz 2013"]
[Site "Khanty-Mansiysk RUS"]
[Date "2013.06.10"]
[Round "27.20"]
[White "Skatchkov, Pavel"]
[Black "Georgiev, Kiril"]
[Result "0-1"]
[WhiteTitle "GM"]
[BlackTitle "GM"]
[WhiteElo "2486"]
[BlackElo "2636"]
[WhiteFideId "4121848"]
[BlackFideId "2900017"]
[EventDate "2013.06.09"]

1. e4 c5 2. b3 Nc6 3. Bb2 d6 4. Nc3 Nf6 5. Nf3 g6 6. Nd5 Bg7 7. Nxf6+ exf6 8.
Bc4 O-O 9. O-O f5 10. Bxg7 Kxg7 11. exf5 Bxf5 12. d4 Qf6 13. dxc5 dxc5 14. Re1
Rad8 15. Qc1 Nb4 16. Re2 Nxc2 17. Rb1 Nd4 18. Nxd4 Bxb1 19. Nf3 Bd3 20. Bxd3
Rxd3 21. h3 Rfd8 22. Kh2 Qd6+ 0-1

[Event "FIDE World Blitz 2013"]
[Site "Khanty-Mansiysk RUS"]
[Date "2013.06.10"]
[Round "27.22"]
[White "Bezgodov, Alexei"]
[Black "Vasquez Schroeder, Rodrigo"]
[Result "1/2-1/2"]
[WhiteTitle "GM"]
[BlackTitle "GM"]
[WhiteElo "2482"]
[BlackElo "2542"]
[WhiteFideId "4105257"]
[BlackFideId "3400042"]
[EventDate "2013.06.09"]

1. Nf3 c5 2. b3 d5 3. e3 a6 4. Bb2 Nf6 5. Be2 g6 6. c4 Bg7 7. cxd5 O-O 8. Bxf6
exf6 9. Nc3 f5 10. O-O Nd7 11. Rc1 Nf6 12. d4 cxd4 13. Nxd4 Nxd5 14. Nxd5 Qxd5
15. Bf3 Qa5 16. Qc2 Rb8 17. Qc7 Qxc7 18. Rxc7 Be5 19. Rc5 Bd6 20. Rd5 Ba3 21.
Rd1 Re8 22. g3 Kf8 23. Kg2 Ke7 24. Ra5 Bb4 25. Rxa6 bxa6 26. Nc6+ Kf6 27. Nxb8
Be6 28. Nxa6 Ba3 29. Nc7 Rc8 30. Nxe6 fxe6 31. Rd7 Rc2 32. Kf1 Rc1+ 33. Rd1 Rc2
34. Be2 Rxa2 35. Bc4 Rb2 36. Rd7 Rb1+ 37. Kg2 Rb2 38. Rb7 Bc5 39. Kf1 Rb1+ 40.
Ke2 Rb2+ 41. Kf1 Rb1+ 42. Kg2 Rb2 43. Kf3 g5 44. h3 h5 45. g4 fxg4+ 46. hxg4 h4
47. Rc7 Bb4 48. Rc6 Be1 49. Rxe6+ Kg7 50. Re5 Rxf2+ 51. Ke4 Kg6 52. Re6+ Kg7 53.
Re7+ Kg6 54. Re6+ Kg7 55. Re7+ Kg6 56. Re6+ Kg7 57. Re7+ Kg6 58. Re6+ Kg7 59.
Re7+ 1/2-1/2

[Event "FIDE World Blitz 2013"]
[Site "Khanty-Mansiysk RUS"]
[Date "2013.06.10"]
[Round "27.23"]
[White "Potapov, Pavel"]
[Black "Potkin, Vladimir"]
[Result "0-1"]
[WhiteTitle "IM"]
[BlackTitle "GM"]
[WhiteElo "2460"]
[BlackElo "2647"]
[WhiteFideId "4169786"]
[BlackFideId "4131061"]
[EventDate "2013.06.09"]

1. e4 c5 2. c3 d5 3. exd5 Qxd5 4. d4 Nf6 5. Nf3 e6 6. Be3 cxd4 7. cxd4 Bb4+ 8.
Nc3 O-O 9. Bd3 b6 10. O-O Bxc3 11. bxc3 Ba6 12. Bxa6 Nxa6 13. Ne5 Nb8 14. c4 Qb7
15. Qa4 Nbd7 16. Bf4 Nxe5 17. Bxe5 Nd7 18. Bd6 Rfc8 19. Rfc1 Qc6 20. Qa3 Qe4 21.
Qc3 Rc6 22. Ba3 Rac8 23. Bb2 Rxc4 24. Qxc4 Rxc4 25. Rxc4 h6 26. Rc7 Nf6 27. Rac1
Nd5 28. R7c2 Nf4 29. f3 Qe3+ 30. Kf1 Qd3+ 31. Kf2 Qa6 32. Ke3 Nd5+ 33. Kf2 Qxa2
34. Ra1 Qb3 35. Rd2 a5 36. h4 a4 37. Ra3 Qc4 38. h5 b5 39. g4 Qc6 40. Ra1 b4 41.
Rc1 Qd6 0-1

[Event "FIDE World Blitz 2013"]
[Site "Khanty-Mansiysk RUS"]
[Date "2013.06.10"]
[Round "27.25"]
[White "Kobalia, Mikhail"]
[Black "Pasiev, Rakhim"]
[Result "1-0"]
[WhiteTitle "GM"]
[BlackTitle "IM"]
[WhiteElo "2651"]
[BlackElo "2384"]
[WhiteFideId "4119150"]
[BlackFideId "24122475"]
[EventDate "2013.06.09"]

1. e4 c5 2. Nf3 Nc6 3. Bb5 g6 4. Bxc6 dxc6 5. d3 Bg7 6. h3 e5 7. Nc3 Qe7 8. Be3
Nf6 9. Qd2 Nd7 10. Bh6 Bxh6 11. Qxh6 f6 12. O-O-O Nf8 13. Ne2 Be6 14. Kb1 O-O-O
15. Qe3 Bf7 16. Nd2 Ne6 17. f4 Nd4 18. fxe5 fxe5 19. Nf3 Rhf8 20. Rhf1 Bg8 21.
Nexd4 cxd4 22. Qe1 Qc5 23. Qg3 Rde8 24. Rc1 Qd6 25. Rf2 Rf4 26. Qg5 Qe6 27. b3
Qd6 28. Rcf1 Ref8 29. Rc1 Re8 30. c3 dxc3 31. Rxc3 a5 32. Rfc2 a4 33. Kb2 axb3
34. axb3 Kc7 35. Kc1 Rff8 36. Kd2 Qb4 37. Rc1 Qb6 38. Ke2 Qa5 39. Kf2 Bxb3 40.
Kg3 Bg8 41. Rc5 Qa3 42. Nxe5 Qb2 43. Kh2 Qe2 44. Nxc6 Rf2 45. Nd4+ Kb8 46. Nxe2 1-0